| 000 | 01295nam a2200349 a 4500 | ||
|---|---|---|---|
| 001 | ebr10427233 | ||
| 003 | CaPaEBR | ||
| 006 | m u | ||
| 007 | cr cn||||||||| | ||
| 008 | 081205s2008 enk sb 001 0 eng | ||
| 010 | _z 2008301111 | ||
| 015 |
_aGBA873195 _2bnb |
||
| 016 | 7 |
_z014633237 _2Uk |
|
| 020 | _z0567033015 (hbk.) | ||
| 020 | _z9780567033017 (hbk.) | ||
| 020 | _z0567033023 (pbk.) | ||
| 020 | _z9780567033024 (pbk.) | ||
| 040 |
_aCaPaEBR _cCaPaEBR |
||
| 035 | _a(OCoLC)686712647 | ||
| 050 | 1 | 4 |
_aBS2851 _b.N66 2008eb |
| 082 | 0 | 4 |
_a229/.806 _222 |
| 245 | 0 | 4 |
_aThe non-canonical gospels _h[electronic resource] / _cedited by Paul Foster. |
| 260 |
_aLondon ; _aNew York : _bT & T Clark, _c2008. |
||
| 300 | _axxiv, 201 p. | ||
| 504 | _aIncludes bibliographical references and indexes. | ||
| 533 |
_aElectronic reproduction. _bPalo Alto, Calif. : _cebrary, _d2013. _nAvailable via World Wide Web. _nAccess may be limited to ebrary affiliated libraries. |
||
| 630 | 0 | 0 |
_aApocryphal gospels _xCriticism, interpretation, etc. |
| 655 | 7 |
_aElectronic books. _2local |
|
| 700 | 1 |
_aFoster, Paul, _d1966- |
|
| 710 | 2 | _aebrary, Inc. | |
| 856 | 4 | 0 |
_uhttp://site.ebrary.com/lib/rucke/Doc?id=10427233 _zAn electronic book accessible through the World Wide Web; click to view |
| 999 |
_c240348 _d240348 |
||